Scorpion in the hand Brajbhasha court poetry from central India around 1800 : (Record no. 104577)
[ view plain ]
| 000 -LEADER | |
|---|---|
| fixed length control field | 00694nam a22001937a 4500 |
| 005 - DATE AND TIME OF LATEST TRANSACTION | |
| control field | 20161110154338.0 |
| 010 ## - LCCN (DPL NO) | |
| LC control number | ENG-116499 |
| 020 ## - INTERNATIONAL STANDARD BOOK NUMBER | |
| International Standard Book Number | 9788173049996 |
| Terms of availability | 1500.00 |
| 035 ## - SYSTEM CONTROL NUMBER | |
| System control number | EN-100031 |
| 037 ## - SOURCE OF ACQUISITION | |
| Source of stock number/acquisition | DBAD/PUB |
| 082 ## - DEWEY DECIMAL CLASSIFICATION NUMBER | |
| Classification number | 821.08 |
| 100 ## - MAIN ENTRY--PERSONAL NAME | |
| Personal name | Bangha,Imre |
| 245 ## - TITLE STATEMENT | |
| Title | Scorpion in the hand Brajbhasha court poetry from central India around 1800 : |
| Statement of responsibility, etc | by Imre Bangha |
| Remainder of title | a critical edition of thakur's kabittas / |
| 260 ## - PUBLICATION, DISTRIBUTION, ETC. (IMPRINT) | |
| Place of publication, distribution, etc | New Delhi |
| Name of publisher, distributor, etc | Manohar Publisher & Distributors |
| Date of publication, distribution, etc | 2014 |
| 270 ## - ADDRESS | |
| Address | 4753/23 Ansari Road,Daryaganj |
| City | New Delhi |
| Postal code | 110002 |
| 300 ## - PHYSICAL DESCRIPTION | |
| Extent | 370p. |
| Dimensions | 22cm (Hb) |
| 500 ## - GENERAL NOTE | |
| General note | Includes bibliographical references and index |
| 942 ## - ADDED ENTRY ELEMENTS (KOHA) | |
| Source of classification or shelving scheme | Dewey Decimal Classification |
| Item type | English Books |
| Classification part | 821.08 |
| Call number suffix | BAN |
| Withdrawn status | Lost status | Not for loan | Collection code | Home library | Current library | Date acquired | Source of acquisition | Cost, normal purchase price | Full call number | Barcode | Copy number | Cost, replacement price | Koha item type |
|---|---|---|---|---|---|---|---|---|---|---|---|---|---|
| Non-fiction | Shahdara Branch | Shahdara Branch | 10/11/2016 | DBAD/PUB | 1500.00 | 821.08 BAN | EN-100031 | 1 | 1500.00 | English Books |
